000 00682nam a22001817a 4500
005 20170619154500.0
010 _aENG-118870
020 _a9789386296849
_c88.00
035 _aEN-102402
037 _bDBAD/PUB
082 _a485
245 _aEnglish in use:
_bCommunication and soft skills-3
_cby Board of Editors
260 _aTelangana
_bOrient Blackswan
_c2016
270 _a3-6-752 Himayatnagar, Hyderabad-500029, Telangana, India
300 _a120p
_c24cm.(pbk)
505 _aPrepared for semester iv foundation course 7, communication skills and soft skills-3 _css-3) as per the revised andhra pradesh common core syllabus
942 _2ddc
_cEN
_h485
_mENG
999 _c141398
_d141398